Score 0/26 Timer 06:00
0 Plays Today
Country/Capital % Correct
France
90.8%
London
89.1%
Sweden
88.8%
Norway
88.2%
Greece
86.3%
Poland
83.9%
Russia
83.9%
Berlin
82.7%
Madrid
82.1%
Latvia
81.3%
Turkey
80.6%
Moscow
77.8%
Lisbon
76.7%
Country/Capital % Correct
Athens
76.6%
Warsaw
74.8%
Serbia
74.1%
Monaco
74%
Monaco
73.9%
Dublin
73.7%
Cyprus
69.3%
Kosovo
66.5%
Vienna
66.1%
Prague
63.4%
Zagreb
56.1%
Tirana
41%
Skopje
38%
Remove Ads.
Support Sporcle.
Get the best of Sporcle when you Go Orange. This ad-free experience offers more features, more stats, and more fun while also helping to support Sporcle. Thank you for becoming a member.

You're not logged in!

Compare scores with friends on all Sporcle quizzes.
OR
Log In

Show Comments

Extras

Top Quizzes Today


Score Distribution

Your Account Isn't Verified!

In order to create a playlist on Sporcle, you need to verify the email address you used during registration. Go to your Sporcle Settings to finish the process.

Report this User

Report this user for behavior that violates our Community Guidelines.

Details: